书目信息 |
| 题名: |
电子管在实验物理中的应用
|
|
| 作者: | А·М·邦奇布鲁耶维奇 著 ;廖增祺 译 | |
| 分册: | 上册 | |
| 出版信息: | 北京 高等教育出版社 1958 |
|
| 页数: | 353页 | |
| 开本: | 21cm | |
| 丛书名: | ||
| 单 册: | ||
| 中图分类: | O46 | |
| 科图分类: | ||
| 主题词: | 真空电子学 , 电子物理学 | |
| 电子资源: | ||
| ISBN: | ||
| 000 | 00824nam0 2200253 450 | |
| 001 | 0654003030 | |
| 005 | 20060816150812.45 | |
| 010 | @dCNY1.10 | |
| 091 | @a13010.517 | |
| 100 | @a20060816d1958 km y0chiy0120 ea | |
| 101 | 0 | @achi@crus |
| 102 | @aCN@b110000 | |
| 102 | @aCN@b110000 | |
| 200 | 1 | @a电子管在实验物理中的应用@Adian zi guan zai shi yan wu li zhong de ying yong@h上册@fА·М·邦奇布鲁耶维奇著@FА·М·bang qi bu lu ye wei qi zhu@g廖增祺等译@Gliao zeng qi deng yi |
| 210 | @a北京@c高等教育出版社@d1958 | |
| 215 | @a353页@c表格@d21cm | |
| 300 | @a高等学校教学用书 | |
| 606 | 0 | @a真空电子学 |
| 606 | 0 | @a电子物理学 |
| 690 | @aO46 | |
| 701 | 0 | @aА·М·邦奇布鲁耶维奇@AА·М·bang qi bu lu ye wei qi@4著 |
| 702 | 0 | @a廖增祺@Aliao zeng qi@4译 |
| 801 | 0 | @aCN@bPFT@c20060816 |
| 905 | @a10447@dO46@e15:1 | |
| 电子管在实验物理中的应用.上册/А·М·邦奇布鲁耶维奇著/廖增祺等译.-北京:高等教育出版社,1958 |
| 353页:表格;21cm |
| 高等学校教学用书 |
| ISBN :CNY1.10 |
| ● |
| 相关链接 |
|
|
|
|
正题名:电子管在实验物理中的应用
索取号:O46/15:1
 
预约/预借
| 序号 | 登录号 | 条形码 | 馆藏地/架位号 | 状态 | 备注 |
| 1 | 0461917 | 204619172 | 密集书库/ [索取号:O46/15:1] | 在馆 |